000 00299nam a22001217a 4500
008 180927b xxu||||| |||| 00| 0 eng d
041 _aeng
080 _a370
100 _a48
101 _aEDU
245 _aDevelopmental Language Programing For The Retaeded
_cRolland.J.V.H
942 _2udc
_cBK
999 _c48614
_d48614